Statistics for Ajax Squads from 2010/11 till 2015/16

Click here to take the quiz!

General Stats

  • This quiz has been taken 195 times
    (194 since last reset)
  • The average score is 109 of 208

Answer Stats

Season#NameNationality% Correct
2015/161Jasper CillessenThe Netherlands
89%
2013/1422Jasper CillessenThe Netherlands
89%
2012/1322Jasper CillessenThe Netherlands
89%
2011/1222Jasper CillessenThe Netherlands
89%
2014/151Jasper CillessenThe Netherlands
89%
2013/1420Lasse SchöneDenmark
83%
2015/1620Lasse SchöneDenmark
83%
2012/1320Lasse SchöneDenmark
83%
2014/1520Lasse SchöneDenmark
83%
2010/111Maarten StekelenburgThe Netherlands
82%
2012/133Toby AlderweireldBelgium
82%
2010/113Toby AlderweireldBelgium
82%
2011/123Toby AlderweireldBelgium
82%
2013/143Toby AlderweireldBelgium
82%
2010/118Christian EriksenDenmark
81%
2011/128Christian EriksenDenmark
81%
2013/14Christian EriksenDenmark
81%
2012/138Christian EriksenDenmark
81%
2015/16ManagerFrank de BoerThe Netherlands
81%
2010/11Manager (2011)Frank de BoerThe Netherlands
81%
2012/13ManagerFrank de BoerThe Netherlands
81%
2011/12ManagerFrank de BoerThe Netherlands
81%
2013/14ManagerFrank de BoerThe Netherlands
81%
2014/15ManagerFrank de BoerThe Netherlands
81%
2014/153Joël VeltmanThe Netherlands
80%
2013/1412Joël VeltmanThe Netherlands
80%
2015/163Joël VeltmanThe Netherlands
80%
2012/1333Joël VeltmanThe Netherlands
80%
2011/1244Joël VeltmanThe Netherlands
80%
2014/1519Akadiusz MilikPoland
79%
2015/169Akadiusz MilikPoland
79%
2011/124Jan VeronghenBelgium
79%
2010/114Jan VeronghenBelgium
79%
2012/1317Daley BlindThe Netherlands
78%
2014/15Daley BlindThe Netherlands
78%
2013/1417Daley BlindThe Netherlands
78%
2010/1117Daley BlindThe Netherlands
78%
2011/1217Daley BlindThe Netherlands
78%
2010/1116Luis SuárezUruguay
78%
2014/15Kenneth VermeerThe Netherlands
74%
2012/131Kenneth VermeerThe Netherlands
74%
2013/141Kenneth VermeerThe Netherlands
74%
2010/1112Kenneth VermeerThe Netherlands
74%
2011/121Kenneth VermeerThe Netherlands
74%
2012/134Niklas MoisanderFinland
73%
2013/144Niklas MoisanderFinland
73%
2014/154Niklas MoisanderFinland
73%
2014/1525Thulani SereroSouth Africa
73%
2012/1325Thulani SereroSouth Africa
73%
2013/1425Thulani SereroSouth Africa
73%
2011/1225Thulani SereroSouth Africa
73%
2015/1625Thulani SereroSouth Africa
73%
2013/149Kolbeinn SigthórssonIceland
71%
2014/159Kolbeinn SigthórssonIceland
71%
2012/139Kolbeinn SigthórssonIceland
71%
2011/129Kolbeinn SigthórssonIceland
71%
2013/147Viktor FischerDenmark
71%
2015/167Viktor FischerDenmark
71%
2014/157Viktor FischerDenmark
71%
2012/1339Viktor FischerDenmark
71%
2015/1624André OnanaCameroon
68%
2014/1524André OnanaCameroon
68%
2010/112Gregory van der WielThe Netherlands
68%
2011/122Gregory van der WielThe Netherlands
68%
2012/13Gregory van der WielThe Netherlands
68%
2013/1411Bojan KrkicSpain
67%
2015/1610Davy KlaassenThe Netherlands
65%
2013/1418Davy KlaassenThe Netherlands
65%
2012/1318Davy KlaassenThe Netherlands
65%
2011/1239Davy KlaassenThe Netherlands
65%
2014/1510Davy KlaassenThe Netherlands
65%
2013/14Eyong EnohCameroon
64%
2011/126Eyong EnohCameroon
64%
2010/116Eyong EnohCameroon
64%
2012/136Eyong EnohCameroon
64%
2010/11Manager (2010)Martin JolThe Netherlands
63%
2011/1215Nicolai BoilesenDenmark
63%
2013/1415Nicolai BoilesenDenmark
63%
2010/1132Nicolai BoilesenDenmark
63%
2014/155Nicolai BoilesenDenmark
63%
2012/1315Nicolai BoilesenDenmark
63%
2012/135Christian PoulsenDenmark
62%
2013/145Christian PoulsenDenmark
62%
2013/1410Siem de JongThe Netherlands
62%
2012/1310Siem de JongThe Netherlands
62%
2010/1110Siem de JongThe Netherlands
62%
2011/1210Siem de JongThe Netherlands
62%
2015/162Ricardo van RhijnThe Netherlands
61%
2011/1234Ricardo van RhijnThe Netherlands
61%
2014/152Ricardo van RhijnThe Netherlands
61%
2013/142Ricardo van RhijnThe Netherlands
61%
2012/132Ricardo van RhijnThe Netherlands
61%
2015/1611Amin YounesGermany
59%
2015/1630Donny van de BeekThe Netherlands
58%
2011/127Miralem SulejmaniSerbia
57%
2010/117Miralem SulejmaniSerbia
57%
2012/137Miralem SulejmaniSerbia
57%
2010/119Mounir El HamdaouiMorocco
55%
2010/1115Nicolás LodeiroUruguay
54%
2011/1218Nicolás LodeiroUruguay
54%
2014/1521Anwar El-GhaziThe Netherlands
53%
2015/1621Anwar El-GhaziThe Netherlands
53%
2014/1533Diederik BoerThe Netherlands
53%
2015/1633Diederik BoerThe Netherlands
53%
2014/1523Kenny TeteThe Netherlands
53%
2015/1623Kenny TeteThe Netherlands
53%
2013/1444Kenny TeteThe Netherlands
53%
2013/1419Tobias SanaSweden
53%
2012/1319Tobias SanaSweden
53%
2015/1626Nick ViergeverThe Netherlands
52%
2014/1526Nick ViergeverThe Netherlands
52%
2015/1632Vaclav CernyCzech Republic
52%
2010/1133Aras ÖzbilizArmenia
50%
2011/1223Aras ÖzbilizArmenia
50%
2012/13Aras ÖzbilizArmenia
50%
2014/1516Lucas AndersenDenmark
50%
2013/1416Lucas AndersenDenmark
50%
2012/1316Lucas AndersenDenmark
50%
2012/13Vurnon AnitaThe Netherlands
50%
2010/115Vurnon AnitaThe Netherlands
50%
2011/125Vurnon AnitaThe Netherlands
50%
2012/1311Isaac CuencaSpain
48%
2015/1622Jairo RiedewaldThe Netherlands
48%
2013/1442Jairo RiedewaldThe Netherlands
48%
2015/1627Nemanja GudeljSerbia
48%
2015/1635Mitchell DijksThe Netherlands
47%
2012/1335Mitchell DijksThe Netherlands
47%
2015/166Riechedly BazoerThe Netherlands
46%
2014/1527Riechedly BazoerThe Netherlands
46%
2011/1219Dmitri BulykinRussia
44%
2010/1121Hyun-Jun SukSouth Korea
43%
2010/1135MidoEgypt
43%
2013/1443Ricardo KishnaThe Netherlands
43%
2014/1511Ricardo KishnaThe Netherlands
43%
2010/1137Jody LukokiD.R. Congo
41%
2013/14Jody LukokiD.R. Congo
41%
2011/1237Jody LukokiD.R. Congo
41%
2012/1327Jody LukokiD.R. Congo
41%
2014/158Daley SinkgravenThe Netherlands
40%
2015/168Daley SinkgravenThe Netherlands
40%
2011/1216Theo JanssenThe Netherlands
40%
2010/1120Demy de ZeeuwThe Netherlands
39%
2015/165Johnny HeitingaThe Netherlands
39%
2011/1230Jeroen VerhoevenThe Netherlands
38%
2010/1130Jeroen VerhoevenThe Netherlands
38%
2010/1123OleguerSpain
38%
2011/1221Derk BoerrigterThe Netherlands
37%
2012/1321Derk BoerrigterThe Netherlands
37%
2010/1122Bruno SilvaUruguay
35%
2011/1220Bruno SilvaUruguay
35%
2011/1228Ismail AissatiMorocco
35%
2010/11Ismail AissatiMorocco
35%
2010/1127Dario CvitanichArgentina
33%
2015/164Mike van der HoornThe Netherlands
33%
2014/156Mike van der HoornThe Netherlands
33%
2013/146Mike van der HoornThe Netherlands
33%
2014/1518Robert MuricCroatia
33%
2015/1631Robert MuricCroatia
33%
2012/1349Ryan BabelThe Netherlands
33%
2010/1111Urby EmanuelsonThe Netherlands
33%
2015/16Yaya SanogoFrance
33%
2010/1113André OoijerThe Netherlands
32%
2011/1213André OoijerThe Netherlands
32%
2011/1232Stefano DenswilThe Netherlands
32%
2012/1334Stefano DenswilThe Netherlands
32%
2014/15Stefano DenswilThe Netherlands
32%
2013/1424Stefano DenswilThe Netherlands
32%
2010/1129Thimothée AtoubaCameroon
29%
2013/1434Lesly de SaThe Netherlands
28%
2012/1337Lesly de SaThe Netherlands
28%
2011/1241Lesly de SaThe Netherlands
28%
2011/1211Lorenzo EbecilioThe Netherlands
28%
2010/1141Lorenzo EbecilioThe Netherlands
28%
2014/1532Niki ZimlingDenmark
28%
2010/1119Teemu TainioFinland
28%
2011/1229Mats RitsBelgium
27%
2011/12Rodney SneijderThe Netherlands
27%
2010/1143Rodney SneijderThe Netherlands
27%
2010/1118Rasmus LindgrenSweden
26%
2013/14Danny HoesenThe Netherlands
23%
2012/1323Danny HoesenThe Netherlands
23%
2013/1427Ruben LigeonThe Netherlands
23%
2012/1332Ruben LigeonThe Netherlands
23%
2011/1231Ruben LigeonThe Netherlands
23%
2010/1131Ruben LigeonThe Netherlands
23%
2014/15Ruben LigeonThe Netherlands
23%
2012/1330Mickey van der HartThe Netherlands
21%
2013/1430Mickey van der HartThe Netherlands
21%
2013/148Lerin DuarteThe Netherlands
20%
2014/15Lerin DuarteThe Netherlands
20%
2014/1531Peter LeeuwenburghThe Netherlands
18%
2014/1530Richairo ZivkovicThe Netherlands
18%
2010/1128Roly BonevaciaThe Netherlands
17%
2010/11Darko BodulAustria
16%
2011/12Joeri de KampsThe Netherlands
15%
2010/1136Ronald GraaflandThe Netherlands
15%
2015/16Sam HendriksThe Netherlands
15%
2012/1340Fabian SporksledeThe Netherlands
14%
2012/1343Ilan BoccaraThe Netherlands
14%
2010/1124Marvin ZeegelaarThe Netherlands
14%
2012/1345Chiel KramerThe Netherlands
13%
2012/1326Dico KoppersThe Netherlands
13%
2011/1235Dico KoppersThe Netherlands
13%
2010/1146Florian JozefzoonThe Netherlands
13%
2015/1640Damian van BruggenThe Netherlands
12%
2014/1534Queensy MenigThe Netherlands
12%
2010/1125Mitchell DonaldThe Netherlands
11%
2010/1142Geoffrey CastillionThe Netherlands
10%

Score Distribution

Percentile by Number Answered

Percent of People with Each Score

Your Score History

You have not taken this quiz since the last reset